International Trade in Goods and Factor Mobility

Saved in:
Bibliographic Details
Main Author: Wong, Kar-yiu
Format: Book
Language:English
Published: Cambridge The MIT Press 1995
Edition:1. ed.
Subjects:
Tags: Add Tag
No Tags, Be the first to tag this record!

MARC

LEADER 00000nam a2200000 4500
001 c014795
005 20221205133137.2
020 |a 0-262-23179-4 
041 0 |a eng 
044 |a US 
245 1 0 |a International Trade in Goods and Factor Mobility  |c Kar-yiu Wong 
250 |a 1. ed. 
264 1 |a Cambridge  |b The MIT Press  |c 1995 
300 |a 699 s. 
610 2 0 |a obchod medzinárodný 
610 2 0 |a politika obchodná 
610 2 0 |a rovnováha trhová 
610 2 0 |a modely matematické 
610 2 0 |a tovar 
100 1 |a Wong, Kar-yiu